000 00536nam a22001817a 4500
003 OSt
005 20250822064936.0
008 250822b |||||||| |||| 00| 0 eng d
040 _aDWC-Main Lib
_cOC
082 _aRes. 248.4 O64c 2006
100 _aOrbos, Jerry M.
245 _aCandid moments/
_cJerry M. Orbos
260 _a[Manila] :
_bLogos Publication Inc.,
_cc2006.
300 _a99 pages :
_billustrations ;
_c21cm.
650 _a1. Spiritual life.
650 _a2. Experience (Religion).
942 _2ddc
_cBK-0 CIRC
_kRes.
_n0
999 _c4200
_d4200